000 009780000a22002530004500
003 EG-GICUC
005 20250223030141.0
008 091202s1966 ua f m 000 0 ara d
040 _aEG-GiCUC
_bara
_cEG-GiCUC
041 0 _aara
049 _aايداع
097 _aماجستير
099 _aCai01.02.03.M.A.1966.عب.ت
100 0 _aعبدالامير هادى العكام
245 1 0 _aتاريخ حزب الاستقلال العراقى 1946-1958 /
_cعبدالامير هادى العكام ؛ اشراف محمد احمد انيس
260 _aالقاهرة :
_bعبدالامير هادى العكام :
_c1966
300 _a280ورقة ؛
_c30سم
502 _aاطروحة(ماجستير) - جامعة القاهرة - كلية الاداب - قسم التاريخ
700 0 _aمحمد احمد انيس :
_eمشرف
856 _uhttp://172.23.153.220/th.pdf
905 _aNazla
_eRevisor
905 _aSoheir
_eCataloger
942 _2ddc
_cTH
999 _c28622
_d28622